| 000 | 00874cam a2200181 i 4500 | ||
|---|---|---|---|
| 005 | 20251202090804.0 | ||
| 008 | 250721s2005 jo gr 000 0 ara d | ||
| 082 | 1 | 4 |
_a213.63 _bح ن ف |
| 100 | 1 |
_aالحنفي، حامد بن علي بن ابراهيم بن عبد الرحيم العمادي _eمؤلف. |
|
| 245 | 1 | 2 |
_aالرجعة لبيان الضجعة بين سنة الفجر والفريضة / _cتأليف حامد بن علي بن ابراهيم بن عبد الرحيم العمادي الحنفي ؛ باعتناء فراس بن خليل مشعل، سفيان بن عايش بن محمد. |
| 250 | _aالطبعة الأولى. | ||
| 264 | 3 | 1 |
_aعمان : _bالدار العثمانية، _c2005. |
| 300 | _a45 صفحة. | ||
| 650 | 1 | 7 | _aالأحاديث. |
| 650 | 1 | 7 | _aالفقه الإسلامي. |
| 942 |
_2ddc _cBK |
||
| 999 |
_c92356 _d92356 |
||